000 00805nam a2200229Ii 4500
003 JO-AjNU
008 230605s9999||||xx |||||||||||||| ||und||
017 _a2011/8/3261
020 _a978-9957-32-665-4
040 _aJO-AjNU
_bara
_erda
_cJO-AjNU
041 _aara
050 1 4 _aT58.2019
100 3 _aالخفاف، مها مهدي، م مشارك غسان احمد العتيبي,
_eauthor
_962143
245 0 0 _aنظم دعم القرار والنظم الذكية
250 _aط2
264 3 1 _aعمان: دار الحامد للنشر والتوزيع، 2019
300 _a251ص
336 _atext
_btxt
_2rdacontent
337 _aunmediated
_bn
_2rdamedia
338 _avolume
_bnc
_2rdacarrier
650 4 _aنظم المعلومات-الذكاء الاصطناعي-الحواسيب
_962144
999 _aA28126
_c31694
_d31694